| 000 | 00000cam 2200000zi 4500 |
| 001 | 9.963159 |
| 003 | CaOODSP |
| 005 | 20260528152105 |
| 006 | m o d f |
| 007 | cr |n||||||||| |
| 008 | 260528e202605##onc ob f|0| 0 fre d |
| 040 | |aCaOODSP|bfre|erda|cCaOODSP |
| 043 | |an-cn--- |
| 086 | 1 |aXC71-1/1-451-4F-PDF |
| 110 | 1 |aCanada. |bParlement. |bChambre des communes. |bComité permanent de la condition féminine, |eauteur, |eorganisme de publication. |
| 245 | 10|aPrévenir la violence contre les femmes : |bréformes des dispositions du Code criminel relatives aux engagements de ne pas troubler l'ordre public, à la mise en liberté sous caution et à la détermination de la peine au Canada / |cDominique Vien, présidente. |
| 264 | 1|a[Ottawa] : |bChambre des communes, Canada = House of Commons, Canada, |cmai 2026. |
| 300 | |a1 ressource en ligne (viii, 76 pages). |
| 336 | |atexte|btxt|2rdacontent/fre |
| 337 | |ainformatique|bc|2rdamedia/fre |
| 338 | |aressource en ligne|bcr|2rdacarrier/fre |
| 490 | 1 |aRapport du Comité permanent de la condition féminine ; |v4e rapport, 45e législature, 1re session |
| 500 | |aPublié aussi en anglais sous le titre : Preventing violence against women: Criminal Code peace bonds, bail and sentencing reforms in Canada. |
| 504 | |aComprend des références bibliographiques. |
| 610 | 16|aCanada. |tCode criminel. |
| 650 | 6|aViolence basée sur le genre|xPrévention|xPolitique gouvernementale|zCanada. |
| 650 | 6|aCautionnement|zCanada|vLégislation. |
| 650 | 6|aSentences (Procédure pénale)|zCanada. |
| 700 | 1 |aVien, Dominique. |
| 775 | 08|tPreventing violence against women : |w(CaOODSP)9.963156 |
| 830 | #0|aRapport du Comité permanent de la condition féminine ;|v4e rapport, 45e législature, 1re session.|w(CaOODSP)9.503203 |
| 856 | 40|qPDF|s4.04 Mo|uhttps://publications.gc.ca/collections/collection_2026/parl/xc71-1/XC71-1-1-451-4-fra.pdf |
| 856 | 4 |qHTML|sS.O.|uhttps://www.noscommunes.ca/documentviewer/fr/45-1/FEWO/rapport-4 |